| 000 | 01115nam0a22002531 4500 | ||
|---|---|---|---|
| 001 | rc\708639 | ||
| 005 | 20250621220850.0 | ||
| 035 | _a(NLR Aleph) 005943930 | ||
| 090 |
_a6708331 _c6708331 |
||
| 100 | _a20031121d1985 |||y0rusy50 ca | ||
| 101 | 0 | _arus | |
| 102 | _aRU | ||
| 105 | _aa ||||||||| | ||
| 200 | 1 |
_aВ краю кедровом _eТом. обл. _e[Фотоальбом] _fСпец. съемка Р. Озерского, В. Якобсона _gСост., авт. текста и стихов С.А. Заплавный _gПод общ. ред. Р.М. Романова _gВступ. ст. Г.М. Маркова _gХудож. А.Л. Семенов |
|
| 210 |
_aМ. _cПланета _d1985 |
||
| 215 |
_a233, [6] с. _cил., цв. ил. _d26 |
||
| 702 | 1 |
_aЗаплавный _bС.А. _gСергей Алексеевич _4220 |
|
| 702 | 1 |
_aРоманов _bР.М. _gРоман Михайлович _4340 |
|
| 702 | 1 |
_aОзерский _bР.З. _gРоман Зальманович _4440 |
|
| 801 | 0 |
_aRU _bNLR _gpsbo |
|
| 801 | 1 |
_aRU _bELAR _2rusmarc |
|
| 852 |
_aNLR _bЭ _jАлИр1003-1/2-Т567 |
||
| 942 | _cBOOK | ||
| 980 | _aNB | ||